LDR 00668naa#a2200169#i#450# 001 EN\INFRA-M\bibl\122724 005 20260513161252.3 011 ## _a2587-9103 100 ## _a20260430b2026####ek#y0engy0150####ca 102 ## _aRU 200 1# _aUpdating the Content of Student Research Culture in the Context of Strategic Demands of Society and the State: Theory and Practice _eJournal article 210 1# _aMoscow _cINFRA-M Academic Publishing LLC. _d2026 215 ## _a7 с. 608 ## _aJournal article _2local 675 ## _aВысшее образование. Высшая школа. Подготовка научных кадров. 378 _z 700 #1 _aRomanenko _gN. M. 856 4# _anaukaru.ru _u